[Event "Summer Tournament 2014 "]
[Site "SchemingMind.com"]
[Date "2014.08.07"]
[Round "-"]
[White "greghghs"]
[Black "Transcendent"]
[Result "1-0"]
[WhiteCountry "ENG"]
[BlackCountry "ENG"]
[WhiteElo "2120"]
[WhiteRD "75"]
[BlackElo "1570"]
[BlackRD "63"]
[GameID "362505"]

1. e4 e6 2. d4 d5 3. Nd2 Nf6 4. e5 Nfd7 5. Bd3 c5 6. c3 Nc6 7. Ne2 cxd4 8. cxd4 f6 9. exf6 Nxf6 10. Nf3 Bd6
11. O-O O-O 12. Bf4 Bxf4 13. Nxf4 Bd7 14. Re1 Re8 15. Ne5 a6 16. Nh5 Rf8 17. Nxf6+ Rxf6 18. Qh5 Rh6 19. Qf7+ Kh8 20. Qxd7
1-0

[Event "Summer Tournament 2014 "]
[Site "SchemingMind.com"]
[Date "2014.08.03"]
[Round "-"]
[White "NYNH"]
[Black "greghghs"]
[Result "0-1"]
[WhiteCountry "USA"]
[BlackCountry "ENG"]
[WhiteElo "2030"]
[WhiteRD "73"]
[BlackElo "2120"]
[BlackRD "75"]
[GameID "362506"]

1. d4 d6 2. Nf3 Nf6 3. c4 g6 4. g3 Bg7 5. Bg2 O-O 6. Nc3 Nbd7 7. O-O e5 8. e4 a6 9. Qc2 exd4 10. Nxd4 Re8
11. Rd1 Rb8 12. h3 c5 13. Nde2 Ne5 14. b3 Qe7 15. Nf4 Be6 16. Bb2 b5 17. cxb5 axb5 18. Ncd5 Nxd5 19. Nxd5 Bxd5 20. Rxd5 Nc6
21. Rad1 Nb4 22. Qb1 Nxd5 23. Rxd5 Bxb2 24. Qxb2 Ra8 25. Qd2 Qa7 26. Rxd6 Qxa2 27. Qd5 Qb1+ 28. Kh2 Ra1 29. g4 Qg1+ 30. Kg3 Rc1
31. Rd7 Rc3+ 32. f3 Qe1+ 33. Kh2 Rf8 34. e5 Qe3 35. h4 Qf2 36. Kh3 Rc2 37. f4 Rc3+ 38. Kh2 Qxh4+ 39. Kg1 Rc1+ 40. Bf1 Qxg4+
41. Qg2 Qxd7
0-1

[Event "Summer Tournament 2014 "]
[Site "SchemingMind.com"]
[Date "2014.08.03"]
[Round "-"]
[White "greghghs"]
[Black "NYNH"]
[Result "1-0"]
[WhiteCountry "ENG"]
[BlackCountry "USA"]
[WhiteElo "2083"]
[WhiteRD "74"]
[BlackElo "2060"]
[BlackRD "77"]
[GameID "362507"]

1. e4 c5 2. Nf3 d6 3. d4 cxd4 4. Nxd4 Nf6 5. Nc3 g6 6. Be3 Bg7 7. f3 Nc6 8. Qd2 Bd7 9. O-O-O h5 10. Kb1 Rc8
11. Be2 Ne5 12. h3 h4 13. f4 Nc4 14. Bxc4 Rxc4 15. e5 dxe5 16. fxe5 Nh5 17. e6 fxe6 18. Nxe6 Bxc3 19. Qd3 Bxe6 20. Qxg6+ Bf7
21. Rxd8+ Kxd8 22. Qxf7 Bf6 23. Rd1+ Kc8 24. Qxc4+
1-0

[Event "Summer Tournament 2014 "]
[Site "SchemingMind.com"]
[Date "2014.08.03"]
[Round "-"]
[White "Andrea Carra"]
[Black "greghghs"]
[Result "1/2-1/2"]
[WhiteCountry "ITA"]
[BlackCountry "ENG"]
[WhiteElo "2096"]
[WhiteRD "129"]
[BlackElo "2083"]
[BlackRD "74"]
[GameID "362508"]

1. d4 d6 2. Nf3 Nf6 3. e3 g6 4. b3 Bg7 5. Bb2 O-O 6. Be2 Nbd7 7. O-O e5 8. dxe5 Ng4 9. c4 Ngxe5 10. Nc3 Nxf3+
11. Bxf3 Re8 12. Qd2 Ne5 13. Be2 Be6 14. Nd5 c6 15. Nf4 Bf5 16. Rfd1 Qh4 17. Nd3 Nxd3 18. Bxd3 Bxd3 19. Bxg7 Be4 20. Bb2 Qg4
21. f4 Rad8 22. h3 Qg3 23. Qf2 Qxf2+=
1/2-1/2

[Event "Summer Tournament 2014 "]
[Site "SchemingMind.com"]
[Date "2014.08.03"]
[Round "-"]
[White "greghghs"]
[Black "Andrea Carra"]
[Result "1-0"]
[WhiteCountry "ENG"]
[BlackCountry "ITA"]
[WhiteElo "2120"]
[WhiteRD "75"]
[BlackElo "2039"]
[BlackRD "103"]
[GameID "362509"]

1. e4 e6 2. d4 d5 3. Nd2 Nf6 4. e5 Nfd7 5. Bd3 c5 6. c3 Nc6 7. Ne2 cxd4 8. cxd4 f6 9. exf6 Nxf6 10. Nf3 Bd6
11. O-O Qc7 12. Bg5 O-O 13. Rc1 Bd7 14. Ng3 h6 15. Bd2 Qb6 16. Bc3 Nb4 17. Bb1 Qa6 18. Ne5 Nc6 19. Nh5 Bxe5 20. dxe5 Nxh5
21. Qxh5 Be8 22. Qd1 Ne7 23. Bb4 Rf7 24. Qc2 g5 25. Qd2 Bb5 26. Rfd1 b6 27. Rc7 Nf5 28. Rxf7 Kxf7 29. Bxf5 Rc8 30. Bxe6+
1-0

[Event "Summer Tournament 2014 "]
[Site "SchemingMind.com"]
[Date "2014.08.02"]
[Round "-"]
[White "fanfan_la_Tulipe"]
[Black "greghghs"]
[Result "1/2-1/2"]
[WhiteCountry "AUT"]
[BlackCountry "ENG"]
[WhiteElo "2059"]
[WhiteRD "70"]
[BlackElo "2083"]
[BlackRD "74"]
[GameID "362510"]

1. d4 Nf6 2. c4 g6 3. Nc3 Bg7 4. e4 d6 5. f3 O-O 6. Be3 e5 7. Nge2 Nc6 8. d5 Ne7 9. g4 Ne8 10. Qd2 f5
11. h3 fxe4 12. fxe4 c5 13. dxc6 bxc6 14. Bg2 Be6 15. b3 Qd7 16. Rd1 Rd8 17. Rf1 Nf6 18. Rf2 Qc8 19. Bh6 Bxh6 20. Qxh6 Qc7
21. Qg5 Kg7 22. Ng3 h6 23. Qc1 Nh7 24. Rxf8 Rxf8 25. Qe3 a6 26. Ke2 Nf6 27. Rf1 Nd7 28. Rxf8 Nxf8 29. Na4 Bc8 30. Qb6 Qxb6
31. Nxb6 Ne6 32. Nxc8 Nxc8 33. Ke3 Nf4 34. Bf1 a5 35. h4 Kf6 36. a3 Ne6=
1/2-1/2

[Event "Summer Tournament 2014 "]
[Site "SchemingMind.com"]
[Date "2014.08.02"]
[Round "-"]
[White "greghghs"]
[Black "fanfan_la_Tulipe"]
[Result "1/2-1/2"]
[WhiteCountry "ENG"]
[BlackCountry "AUT"]
[WhiteElo "2083"]
[WhiteRD "74"]
[BlackElo "2059"]
[BlackRD "70"]
[GameID "362511"]

1. e4 c5 2. Nf3 e6 3. d4 cxd4 4. Nxd4 a6 5. Bd3 Bc5 6. Nb3 Be7 7. Qg4 g6 8. Nc3 d6 9. O-O Nf6 10. Qe2 Nc6
11. Be3 O-O 12. Rad1 b5 13. f4 Qc7 14. a3 b4 15. axb4 Nxb4 16. Ra1 Nxd3 17. cxd3 a5 18. Rfc1 Qd8 19. Nd4 Bd7 20. e5 dxe5
21. fxe5 Nd5 22. Nxd5 exd5 23. Qf3 Bg5 24. Bxg5 Qxg5 25. Qxd5 Qe3+ 26. Kh1 Rfd8 27. Nf3 Bg4 28. Qe4 Qxe4 29. dxe4 Bxf3 30. gxf3 Rd2
31. b4 Rb8 32. Rxa5 Rxb4 33. Rd5 Rf2 34. e6 fxe6 35. Rd7 Rxf3=
1/2-1/2

[Event "Summer Tournament 2014 "]
[Site "SchemingMind.com"]
[Date "2014.08.02"]
[Round "-"]
[White "Stephen Woodhouse"]
[Black "greghghs"]
[Result "0-1"]
[WhiteCountry "ENG"]
[BlackCountry "ENG"]
[WhiteElo "1835"]
[WhiteRD "49"]
[BlackElo "2055"]
[BlackRD "81"]
[GameID "362512"]

1. e4 c5 2. c3 g6 3. d4 cxd4 4. cxd4 Bg7 5. Nc3 d6 6. Nf3 Nf6 7. Be2 O-O 8. O-O d5 9. e5 Ne4 10. Qc2 Nc6
11. Nxe4 Bf5 12. a3 dxe4 13. Nh4 Nxd4 14. Qd2 e3 15. fxe3 Nxe2+ 16. Qxe2 Bd3
0-1

[Event "Summer Tournament 2014 "]
[Site "SchemingMind.com"]
[Date "2014.08.02"]
[Round "-"]
[White "greghghs"]
[Black "Stephen Woodhouse"]
[Result "1-0"]
[WhiteCountry "ENG"]
[BlackCountry "ENG"]
[WhiteElo "2055"]
[WhiteRD "81"]
[BlackElo "1835"]
[BlackRD "49"]
[GameID "362513"]

1. e4 e6 2. d4 d5 3. Nd2 c5 4. Ngf3 cxd4 5. Nxd4 Nc6 6. Bb5 Bd7 7. Nxc6 Bxc6 8. Bxc6+ bxc6 9. c4 Qa5 10. O-O Nf6
11. Qc2 Be7 12. cxd5 Qa6 13. dxe6 fxe6 14. b3 O-O 15. Bb2 Rad8 16. Nc4 Nd7 17. Rad1 Bf6 18. Rd6 Bxb2 19. Qxb2
1-0

[Event "Summer Tournament 2014 "]
[Site "SchemingMind.com"]
[Date "2014.08.04"]
[Round "-"]
[White "mikewharvey"]
[Black "Scooter"]
[Result "1-0"]
[WhiteCountry "GBR"]
[BlackCountry "USA"]
[WhiteElo "1930"]
[WhiteRD "118"]
[BlackElo "1706"]
[BlackRD "48"]
[GameID "362592"]

1. c4 Nf6 2. Nc3 g6 3. g3 Bg7 4. Bg2 O-O 5. d4 d6 6. e4 Nbd7 7. Nf3 e5 8. O-O exd4 9. Nxd4 Ne5 10. Nd5 Nxc4
11. Rb1 Nxd5 12. exd5 Bxd4 13. Qxd4 Ne5 14. Bh6 Qf6 15. Qc3 Re8 16. Rfe1 Re7 17. f4 Ng4 18. Rxe7 Qxc3 19. Re8#
1-0

[Event "Summer Tournament 2014 "]
[Site "SchemingMind.com"]
[Date "2014.08.04"]
[Round "-"]
[White "Scooter"]
[Black "mikewharvey"]
[Result "0-1"]
[WhiteCountry "USA"]
[BlackCountry "GBR"]
[WhiteElo "1706"]
[WhiteRD "48"]
[BlackElo "1930"]
[BlackRD "118"]
[GameID "362593"]

1. d4 g6 2. Nf3 Nf6 3. Bf4 Bg7 4. e3 O-O 5. Be2 d6 6. O-O Nc6 7. c3 Bf5 8. Bd3 Bxd3 9. Qxd3 Re8 10. Nbd2 a6
11. e4 e6 12. e5 dxe5 13. Nxe5 Qd6 14. Nxc6 Qxf4 15. Ne5 c5 16. g3 Qg5 17. Ndf3 Qh5 18. dxc5 Red8 19. Qc2 Rac8 20. b4 Nd5
21. g4 Qh6 22. a3 Nf4 23. Rad1 Bxe5 24. Rxd8+ Rxd8 25. Nxe5 f6 26. Nf3 Qh3 27. Ne1 Qxg4+ 28. Kh1 Rd1
0-1

[Event "Summer Tournament 2014 "]
[Site "SchemingMind.com"]
[Date "2014.08.09"]
[Round "-"]
[White "mikewharvey"]
[Black "Transcendent"]
[Result "1-0"]
[WhiteCountry "GBR"]
[BlackCountry "ENG"]
[WhiteElo "1986"]
[WhiteRD "97"]
[BlackElo "1583"]
[BlackRD "66"]
[GameID "362594"]

1. c4 c6 2. e4 d5 3. exd5 cxd5 4. d4 Nf6 5. Nc3 e6 6. Nf3 Nc6 7. Bf4 Bb4 8. Bd3 O-O 9. Qc2 dxc4 10. Bxc4 Nxd4
11. Qd3 Nxf3+ 12. Qxf3 Qd4 13. Be2 Nd5 14. Bd2 Bxc3 15. bxc3 Qf6 16. Qxf6 Nxf6 17. O-O Bd7 18. a4 b6 19. a5 Nd5 20. Bf3 Bc6
21. c4 Ne7 22. Bb4 Bxf3 23. Bxe7 Rfe8 24. gxf3 Rxe7 25. axb6 a6 26. c5 a5 27. c6
1-0

[Event "Summer Tournament 2014 "]
[Site "SchemingMind.com"]
[Date "2014.08.09"]
[Round "-"]
[White "Transcendent"]
[Black "mikewharvey"]
[Result "0-1"]
[WhiteCountry "ENG"]
[BlackCountry "GBR"]
[WhiteElo "1583"]
[WhiteRD "66"]
[BlackElo "1986"]
[BlackRD "97"]
[GameID "362595"]

1. e4 Nf6 2. e5 Nd5 3. d4 d6 4. c4 Nb6 5. exd6 exd6 6. Nc3 Be7 7. Nf3 Bg4 8. h3 Bh5 9. g4 Bg6 10. Be3 N8d7
11. Bd3 Bxd3 12. Qxd3 O-O 13. a4 Nf6 14. a5 Nbd7 15. g5 Nh5 16. h4 g6 17. Nd5 c5 18. Nf4 Ng7 19. h5 Nf5
0-1

[Event "Summer Tournament 2014 "]
[Site "SchemingMind.com"]
[Date "2014.08.04"]
[Round "-"]
[White "mikewharvey"]
[Black "NYNH"]
[Result "0-1"]
[WhiteCountry "GBR"]
[BlackCountry "USA"]
[WhiteElo "1890"]
[WhiteRD "113"]
[BlackElo "2030"]
[BlackRD "73"]
[GameID "362596"]

1. c4 e5 2. Nc3 Nf6 3. g3 d5 4. cxd5 Nxd5 5. Bg2 Nb6 6. Nf3 Nc6 7. O-O Be7 8. a3 O-O 9. e4 Be6 10. d3 a5
11. Be3 a4 12. Bxb6 cxb6 13. Nxa4 f6 14. Nc3 Qd7 15. Nh4 Nd4 16. Ne2 Rfd8 17. Nxd4 Qxd4 18. Nf5 Bxf5 19. exf5 Qxb2 20. Bxb7 Rxa3
21. Rb1 Qd4 22. Rb3 Rxb3 23. Qxb3+ Kf8 24. Be4 Rc8 25. Qe6 Rd8 26. g4 Bc5 27. g5 Qd6 28. gxf6 gxf6 29. Qb3 Rd7 30. Ra1 Bxf2+
31. Kxf2 Qd4+
0-1

[Event "Summer Tournament 2014 "]
[Site "SchemingMind.com"]
[Date "2014.08.04"]
[Round "-"]
[White "NYNH"]
[Black "mikewharvey"]
[Result "0-1"]
[WhiteCountry "USA"]
[BlackCountry "GBR"]
[WhiteElo "2066"]
[WhiteRD "73"]
[BlackElo "1986"]
[BlackRD "97"]
[GameID "362597"]

1. d4 g6 2. c4 Nf6 3. g3 Bg7 4. Bg2 c5 5. d5 d6 6. Nc3 O-O 7. Nf3 e6 8. O-O exd5 9. cxd5 Nbd7 10. a4 a6
11. Nd2 Ne5 12. a5 Bd7 13. h3 Bc8 14. f4 Ned7 15. Nc4 Qc7 16. e4 b5 17. axb6 Nxb6 18. Na5 Bb7 19. e5 Ne8 20. Be3 Ra7
21. Nxb7 Qxb7 22. e6 fxe6 23. dxe6 Qe7 24. Nd5 Nxd5 25. Bxd5 Kh8 26. g4 Bh6 27. Qd2 Nc7 28. Rae1 Nxd5 29. Qxd5 Rc7 30. f5 Bxe3+
31. Rxe3 gxf5 32. gxf5 Qg5+ 33. Kh1 Qxe3 34. Rf3 Qe1+ 35. Kh2 Rg8
0-1

[Event "Summer Tournament 2014 "]
[Site "SchemingMind.com"]
[Date "2014.08.04"]
[Round "-"]
[White "mikewharvey"]
[Black "Andrea Carra"]
[Result "0-1"]
[WhiteCountry "GBR"]
[BlackCountry "ITA"]
[WhiteElo "1890"]
[WhiteRD "113"]
[BlackElo "2039"]
[BlackRD "103"]
[GameID "362598"]

1. c4 Nf6 2. Nc3 e6 3. d4 Bb4 4. e3 O-O 5. a3 Bxc3+ 6. bxc3 c5 7. Bd3 Nc6 8. Nf3 d6 9. d5 Na5 10. Rb1 b6
11. e4 h6 12. h3 exd5 13. exd5 Ba6 14. Qa4 Qe8+ 15. Qxe8 Rfxe8+ 16. Kd1 Bxc4 17. Kc2 Bxd3+ 18. Kxd3 Nxd5 19. c4 Nf6 20. Bb2 Ne4
21. Rhf1 Rad8 22. Nh4 d5 23. cxd5 Rxd5+
0-1

[Event "Summer Tournament 2014 "]
[Site "SchemingMind.com"]
[Date "2014.08.04"]
[Round "-"]
[White "Andrea Carra"]
[Black "mikewharvey"]
[Result "0-1"]
[WhiteCountry "ITA"]
[BlackCountry "GBR"]
[WhiteElo "1991"]
[WhiteRD "100"]
[BlackElo "1986"]
[BlackRD "97"]
[GameID "362599"]

1. d4 g6 2. Nf3 Nf6 3. e3 Bg7 4. Nbd2 b6 5. b3 Bb7 6. Bb2 O-O 7. Be2 d6 8. O-O Nbd7 9. c4 e6 10. Qc2 Re8
11. e4 Rb8 12. Rfe1 c6 13. h3 e5 14. dxe5 dxe5 15. Nf1 Nh5 16. Red1 Qc7 17. Ba3 c5 18. Bc1 Ndf6 19. N3d2 Nf4 20. Bf3 Ne6
21. Bb2 Nd4 22. Qc3 Nxe4 23. Qd3 Nxf3+ 24. Nxf3 Nxf2 25. Qd7 Qxd7 26. Rxd7 Nxh3+
0-1

[Event "Summer Tournament 2014 "]
[Site "SchemingMind.com"]
[Date "2014.08.04"]
[Round "-"]
[White "mikewharvey"]
[Black "fanfan_la_Tulipe"]
[Result "1/2-1/2"]
[WhiteCountry "GBR"]
[BlackCountry "AUT"]
[WhiteElo "1986"]
[WhiteRD "97"]
[BlackElo "2076"]
[BlackRD "73"]
[GameID "362600"]

1. c4 e5 2. Nc3 Nf6 3. g3 d5 4. cxd5 Nxd5 5. Bg2 Nb6 6. e3 Be7 7. Nf3 Nc6 8. O-O O-O 9. a3 Be6 10. d4 exd4
11. exd4 Nd5 12. Bd2 Bf6 13. Nxd5 Bxd5 14. Bc3 Re8 15. Re1 Rxe1+ 16. Qxe1 Rb8 17. Qe3 Bxf3 18. Bxf3 Bxd4 19. Qe1 Bxc3 20. Qxc3 Qd4
21. Qc2 Ne5 22. Be4 g6 23. Qxc7 Re8 24. Qc2 Nc4 25. Bxb7 Nxb2 26. Ba6 Nd3 27. Rf1 Ne1 28. Qc4 Nf3+ 29. Kg2 Qxc4 30. Bxc4 Nd2=
31. Rc1 Nxc4 32. Rxc4=
1/2-1/2

[Event "Summer Tournament 2014 "]
[Site "SchemingMind.com"]
[Date "2014.08.04"]
[Round "-"]
[White "fanfan_la_Tulipe"]
[Black "mikewharvey"]
[Result "0-1"]
[WhiteCountry "AUT"]
[BlackCountry "GBR"]
[WhiteElo "2076"]
[WhiteRD "73"]
[BlackElo "1986"]
[BlackRD "97"]
[GameID "362601"]

1. d4 g6 2. c4 Nf6 3. Nc3 Bg7 4. e4 d6 5. f3 O-O 6. Be3 e5 7. Nge2 c6 8. Qd2 Nbd7 9. d5 Nb6 10. Ng3 c5
11. h4 h5 12. Be2 Re8 13. O-O-O a6 14. Bh6 Nh7 15. Bxg7 Kxg7 16. Nf1 Nf6 17. Ne3 Rh8 18. g4 Nbd7 19. Rdg1 Nf8 20. gxh5 Nxh5
0-1

[Event "Summer Tournament 2014 "]
[Site "SchemingMind.com"]
[Date "2014.08.04"]
[Round "-"]
[White "mikewharvey"]
[Black "Stephen Woodhouse"]
[Result "1-0"]
[WhiteCountry "GBR"]
[BlackCountry "ENG"]
[WhiteElo "1960"]
[WhiteRD "150"]
[BlackElo "1835"]
[BlackRD "49"]
[GameID "362602"]

1. c4 e6 2. Nc3 f5 3. d4 Nf6 4. a3 b6 5. Nf3 Bb7 6. e3 Be7 7. d5 O-O 8. Be2 exd5 9. cxd5 d6 10. O-O Nbd7
11. Nd4 Qe8 12. Ne6
1-0

[Event "Summer Tournament 2014 "]
[Site "SchemingMind.com"]
[Date "2014.08.04"]
[Round "-"]
[White "Stephen Woodhouse"]
[Black "mikewharvey"]
[Result "1/2-1/2"]
[WhiteCountry "ENG"]
[BlackCountry "GBR"]
[WhiteElo "1838"]
[WhiteRD "49"]
[BlackElo "1930"]
[BlackRD "118"]
[GameID "362603"]

1. e4 Nf6 2. Nc3 d5 3. exd5 Nxd5 4. Bc4 Nb6 5. Bb3 Nc6 6. Nf3 g6 7. d4 Bg7 8. Be3 O-O 9. O-O e6 10. Qd2 Nd5
11. Nxd5 exd5 12. c3 Ne7 13. Bh6 Nf5 14. Bxg7 Kxg7 15. Rfe1 c6 16. Bc2 Re8 17. Rxe8 Qxe8 18. Re1 Qd8 19. Qe2 Be6 20. Qe5+ Kg8
21. h3 Rc8 22. Bxf5 Bxf5 23. g4 Be6 24. Ng5 Qe8 25. Nxe6 fxe6 26. Qxe6+ Qxe6 27. Rxe6 Kf7 28. Re5 Kf6 29. f4 b5 30. Kf2 a5
31. Kf3 b4 32. cxb4 axb4 33. a4 bxa3 34. bxa3 Ra8 35. Re3 Ra4 36. Rd3 Ke6 37. Ke3 Rc4 38. Rb3 Ra4 39. Rd3 Rc4 40. Rb3=
1/2-1/2

[Event "Summer Tournament 2014 "]
[Site "SchemingMind.com"]
[Date "2014.08.04"]
[Round "-"]
[White "mikewharvey"]
[Black "greghghs"]
[Result "0-1"]
[WhiteCountry "GBR"]
[BlackCountry "ENG"]
[WhiteElo "1930"]
[WhiteRD "118"]
[BlackElo "2083"]
[BlackRD "74"]
[GameID "362604"]

1. c4 d6 2. Nc3 e5 3. g3 f5 4. d4 Be7 5. Nd5 Nf6 6. Nxe7 Qxe7 7. Bg2 O-O 8. dxe5 dxe5 9. Bg5 h6 10. Bxf6 Rxf6
11. e3 c6 12. Qb3 Nd7 13. O-O-O Nc5 14. Qa3 Be6 15. b3 Nd3+
0-1

[Event "Summer Tournament 2014 "]
[Site "SchemingMind.com"]
[Date "2014.08.04"]
[Round "-"]
[White "greghghs"]
[Black "mikewharvey"]
[Result "1-0"]
[WhiteCountry "ENG"]
[BlackCountry "GBR"]
[WhiteElo "2083"]
[WhiteRD "74"]
[BlackElo "1930"]
[BlackRD "118"]
[GameID "362605"]

1. e4 Nf6 2. e5 Nd5 3. d4 d6 4. c4 Nb6 5. f4 g6 6. Nc3 Bg7 7. Be3 O-O 8. c5 dxc5 9. dxc5 Nc4 10. Bxc4 e6
11. Nf3 Nc6 12. O-O a6 13. Qe2 f5 14. Rad1 Qe8 15. Rd2 Qe7 16. Rfd1 Re8 17. Nd4 Bd7 18. Nxf5 gxf5 19. Rxd7 Qf8 20. Rxc7 Re7
21. Rdd7 Rxd7 22. Bxe6+
1-0